00447nam a2200157Ia 450000500170000000800410001704000190005804100120007708200170008924500950010626000230020130000150022465000180023970000220025785000100027920230318101238.0131103s9999 xx 000 0 und d aLoreto College aEnglish a822.308bRHY 4aThe Minor elizabethan dramab pre-shakesperean comedies cintroduction by Ashley Thorndyke aLondonbDentc1964 axv,317 p.  aEnglish drama aThorndyke, Ashley aLCLIB